000 00910nam a2200277 4500
001
003 DO-SdBNP
005 20220602075742.0
008 140604s2004 sp 000 0 spad d
040 _aBPMSU
_bspa
_cBPMSU
082 _aR923
_bP967H 2004
_222
100 _aRamos Perez, Demetrio,
_d1918-1999.
245 1 0 _aProtagonistas de la historia /
_cDemetrio Ramos Pérez ; prólogo de Juan Manuel de Prada
246 1 3 _aSimón Bolívar :
_bel libertador
260 _aBarcelona :
_bBiblioteca ABC,
_c2004
300 _av. ;
_c23 cm.
490 0 _aProtagonistas de la historia
_v 19
500 _aIncluye índice
500 _aLa biblioteca posee, 2vs. del título de Hernán Cortés
590 _6Inventariado,2022/VM
600 1 4 _aBolívar, Simón,
_d1783-1830.
650 4 _aPersonajes
_vBiografías
700 1 _aPrada, Juan Manuel de
_eprólogo
910 _aVMateo V
942 _2ddc
_cBK
999 _c14196
_d14196